000 00957aam a2200337 4500
005 20250925194430.0
008 150310b2012 xxu||||| |||| 00| 0 spa d
020 _a9789587620023
041 _aESP
082 _a613.62 A473r
100 _aÁlvarez Heredia, Francisco
_98523
100 _aFaizal GeaGea, Enriqueta
245 _aRiesgos laborales: cómo prevenirlos en el ambiente de trabajo
260 _aColombia
260 _bEdiciones de la U
260 _c2012
300 _a228 páginas
490 _aDirección de Educación Comunitaria y Asistencia Técnica
490 _aTemática General
650 _aSALUD OCUPACIONAL
650 _aMEDIO AMBIENTE
650 _aSEGURIDAD INDUSTRIAL
650 _aRIESGO OCUPACIONAL
650 _aRIESGO BIOLÓGICO
650 _aBIOSEGURIDAD
650 _aEXPLOCIONES
650 _aRIESGO VISUAL
650 _aACCIDENTES DE TRABAJO
650 _aPRIMEROS AUXILIOS
942 _cBK
_2ddc
999 _c3806
_d3806